000 00474nam a2200181Ia 4500
001 23407
005 20260414150935.0
008 260414t2007||||xx |||||||||||||| ||spa||
041 _aESP
082 _a646.77
_bG79
100 _aGrenier, Guy,
_eAUT
245 4 _aThe 10 conversations you must have before you get married (and how to have them)
_b
260 _c2007
300 _a351 páginas :
_c22 cm.
650 _aGEN
654 _aCHU
942 _cLIB
_dJUS
_fJUS
_2ddc
_n
999 _c23407
_d23407